000
00384nam a22001577a 4500
003
MPLRDC
005
20220104143939.0
008
210129b ||||| |||| 00| 0 eng d
082
_a
177.2 HAY
100
_a
LOUISE L. HAY 露薏丝海著
245
_a
生命的重建
_c
260
_a
_b
殖群
_c
300
_b
平
650
_a
应用心理学--成功法
942
_c
BK
_o
177.2 HAY
999
_c
44918
_d
44908